000 00444cam a22001814a 4500
005 20250605163539.0
008 250528s ||||||||||||||||||||||||d
035 _a21519
020 _a9780751770100
040 _aGR-AtMCL
_bgre
_dGR-AtMCL
_eAACR2
245 1 _aBTEC HIGHER NATIONAL IN BUSINESS CORE MODULE 1 MARKET RELATIONS
250 _a1
260 _bBpp,
_c1996
300 _a188
942 _cBK
999 _c6581
_d6581